| 000 | 01109na a2200325 4500 | ||
|---|---|---|---|
| 001 | 15003 | ||
| 003 | MIRAKIL | ||
| 005 | 20181213155207.0 | ||
| 008 | 161005b tu 000 0 | ||
| 020 | _a9789750405853 | ||
| 035 | _a15003 | ||
| 040 |
_aMilas _btur _cTR-AnCHP |
||
| 041 | _atur | ||
| 082 |
_aCHP 324.092 _bK44t 2011 |
||
| 090 | _aCHP 324.092 K44t 2011 | ||
| 100 | _aKılıçdaroğlu, Kemal | ||
| 245 |
_aTürkiye'ye sözüm var _bOktay Ekşi ile Nehir söyleşi _cKemal Kılıçdaroğlu ; söyleşi Oktay Ekşi |
||
| 246 | _aOktay Ekşi ile Nehir söyleşi | ||
| 260 |
_aAnkara _bLiteratür _c2011 |
||
| 300 |
_axi, 155 s. _c20 sm. |
||
| 500 | _aKitap yazarından imzalıdır. | ||
| 600 |
_aKılıçdaroğlu, Kemal _cCHP Genel Başkanı _xSiyasal ve sosyal görüşler _ySöyleşiler |
||
| 610 |
_aCumhuriyet Halk Partisi (CHP) _xSiyaset ve yönetim |
||
| 650 |
_aSiyasetçiler _xSöyleşiler |
||
| 650 |
_aCHP _xBaşkanlar _ySöyleşiler |
||
| 650 |
_aSiyaset _xSöyleşiler _zTürkiye |
||
| 651 |
_aTürkiye _xSiyaset ve yönetim _y2002- |
||
| 700 | _aEkşi, Oktay | ||
| 942 |
_2dcc _cBKS |
||
| 999 |
_c8331 _d8331 |
||